| 000 | 00375nam a22001217a 4500 | ||
|---|---|---|---|
| 008 | 180521b xxu||||| |||| 00| 0 eng d | ||
| 041 | _aeng | ||
| 080 | _a043.3 | ||
| 100 | _a0 | ||
| 101 | _aSHKI | ||
| 245 |
_aKrahasimi i Sistemeve Operative Mobile Android dhe Windows Phone nga perspektiva e Freelance Software development and Business Value _cMenxhiqi, F |
||
| 942 |
_2udc _cBK |
||
| 999 |
_c46120 _d46120 |
||